Fantasy Animals by Picture - Statistics

General Stats
  • This quiz has been taken 63 times
  • The average score is 12 of 16
Answer Stats
Picture Answer % Correct
dragon
100%
unicorn
100%
phoenix
95%
elf
93%
pegasus
88%
giant
81%
minotaur
81%
centaur
79%
genie
79%
griffin
74%
gnome
72%
alien
64%
dwarf
60%
Loch Ness monster
52%
faun
21%
hobbit
17%
No matching quizzes found
Score Distribution
Percent of People with Each Score
Percentile by Number Answered
Your Score History
You have not taken this quiz